000 01089nam a2200289Ia 4500
003 OSt
005 20221005110237.0
006 a|||||r|||| 00| 0
007 ta
008 221004b |||||||| |||| 00| 0 urd d
020 _a8126001909 (pbk)
_c125
024 _a92713
037 _b523, 19/03/2009, Vani Prakashan
_cTextual
040 _aCRL
_cCRL
_burd
041 _2urd
_aurd
082 _aO168,1M75:g, 152N7
100 _aहबीब ख़ॉं, एम.
245 0 _aहसरत मोहानी
246 _aHasarat mohānī
260 _aनई दिल्ली
_bसाहित्य अकादेमी भारत
_c1997
300 _a68पृ0
_ccm.
490 _aभारतीय साहित्य के निर्माता
650 _aउर्दू साहित्य
700 _a जै़दी, असद, अनु.
942 _hO168,1M75:g, 152N7
_cTEXL
_2cc
999 _c1018215
_d1018215